Большое путешествие (Запись № 9720157)

Подробности
000 -МАРКЕР
контрольное поле 10115ncm0a22005411 4500
001 - ИДЕНТИФИКАТОР ЗАПИСИ
контрольное поле RU\NLR\ONIZ\196021
005 - ИДЕНТИФИКАТОР ВЕРСИИ
контрольное поле 20250614044330.0
035 ## - ДРУГИЕ СИСТЕМНЫЕ НОМЕРА
Идентификатор записи RU\NLR\ONIZ\NATA\5000004240\20130531196021
035 ## - ДРУГИЕ СИСТЕМНЫЕ НОМЕРА
Идентификатор записи (NLR Aleph) 010403792
100 ## - ДАННЫЕ ОБЩЕЙ ОБРАБОТКИ
Данные общей обработки 20130531d2009 |||y0rusy50 ca
101 0# - ЯЗЫК РЕСУРСА
Язык текста, звукозаписи и т.д. русский
102 ## - СТРАНА ПУБЛИКАЦИИ ИЛИ ПРОИЗВОДСТВА
Страна публикации Российская Федерация
125 ## - ПОЛЕ КОДИРОВАННЫХ ДАННЫХ: ЗВУКОЗАПИСИ И НОТНЫЕ ИЗДАНИЯ
Форма изложения нотного текста ax
128 ## - ПОЛЕ КОДИРОВАННЫХ ДАННЫХ: МУЗЫКАЛЬНАЯ ФОРМА, ТОНАЛЬНОСТЬ И ЛАД
Музыкальная форма sg
145 0# - ПОЛЕ КОДИРОВАННЫХ ДАННЫХ: СРЕДСТВО ИСПОЛНЕНИЯ МУЗЫКАЛЬНОГО ПРОИЗВЕДЕНИЯ (УСТАРЕВШЕЕ)
Тип средства исполнения c
200 1# - ЗАГЛАВИЕ И СВЕДЕНИЯ ОБ ОТВЕТСТВЕННОСТИ
Основное заглавие Большое путешествие
Общее обозначение материала Ноты
Сведения, относящиеся к заглавию 12 песен для дет. хора (ансамбля), солистов и фп.
Первые сведения об ответственности В. Соловьев
210 ## - ПУБЛИКАЦИЯ, РАСПРОСТРАНЕНИЕ И ДР.
Место издания, распространения и т.д. Санкт-Петербург
Имя издателя, распространителя и т. д. МФ Санкт-Петербурга
Дата издания, распространения и т.д. cop. 2009
215 ## - ФИЗИЧЕСКАЯ ХАРАКТЕРИСТИКА
Специфическое обозначение материала и объем 38, [2] с.
Другие сведения о физической характеристике ил.
Размеры 29 см
300 ## - ОБЩИЕ ПРИМЕЧАНИЯ
Текст примечания На с. [2]: ст. "О знакомствах, мимолетной молодости и о соавторстве" В. Г. Соловьева
300 ## - ОБЩИЕ ПРИМЕЧАНИЯ
Текст примечания На тит. л.: автогр. композитора.
313 ## - ПРИМЕЧАНИЯ, ОТНОСЯЩИЕСЯ К ТЕМАТИЧЕСКОМУ ДОСТУПУ
Текст примечания Систематизация документа проведена по изданию - Методика классифицирования музыкальных произведений (нотных изданий) по таблицам Библиотечно-библиографических классификаций : метод. рекомендации / Гос. б-ка СССР им. В.И. Ленина.- М., 1977. Индексу ББК методических рекомендаций присваивается код ББК для научных библиотек - LBC/SL
327 1# - ПРИМЕЧАНИЯ О СОДЕРЖАНИИ
Текст примечания 1. Это, друзья, только начало : "Люди спорят с небосводом..." / сл. М. Ерёмина ;
-- 2. Школьная походная : "Мы в школьные каникулы не любим долго спать..." / сл. А. Мартынова ;
-- 3. Паук : "По дорожке мы бежали..." / сл. И. Резниковой ;
-- 4-5. Колыбельные куплеты : "На болоте спит лягушка..." ;
-- Куплеты путешественника : "Был я в Африке недавно..." / сл. Г. Горбовского ;
-- 6. Вьюга : "Кто-то лапкой скребётся в окошко..." / сл. В. Шефнера ;
-- 7. Удод : "Девочка Аня, гуляя у дома..." / сл. Б. Ахмадулиной ;
-- 8-11. Большое путешествие : "В большое путешествие уходим мы впервые..." ;
-- Я - художник : "Я рисую солнышко..." ;
-- Не Баба-Яга : шуточ. песенка Бабы-Яги : "С утра надеваю я модное платье..." ;
-- Нам без друзей нельзя : "Если что-то непонятно..." / сл. Г. Широкова ;
-- 12. Баллада о снах : "Сны имеют свою биографию..." / сл. В. Максимова
464 #0 - АНАЛИТИЧЕСКИЙ УРОВЕНЬ
Встроенное поле 2001#$aБаллада о снах$e"Сны имеют свою биографию..."$fсл. В. Максимова
-- 215##$aС.32-38
-- 700#1$9z01790$aСоловьев$bВ. Г.$gВладислав Георгиевич$f1937-$4230
-- 701#1$9z02790$aМаксимов$bВ.Г.$gВиктор Григорьевич$f1942-2005$4520
-- 790#1$9z01700$aSolov`yev$bV. G.$gVladislav Georgievich$f1937-$4230
-- 790#1$9z02701$aMaksimov$bV.G.$gViktor Grigorievich$f1942-2005$4520
Заглавие Баллада о снах
Автор Соловьев, Владислав Георгиевич (1937-)
464 #0 - АНАЛИТИЧЕСКИЙ УРОВЕНЬ
Встроенное поле 2001#$aБольшое путешествие$e"В большое путешествие уходим мы впервые..."$fсл. Г. Широкова
-- 215##$aС.21-23
-- 700#1$9z01790$aСоловьев$bВ. Г.$gВладислав Георгиевич$f1937-$4230
-- 701#1$9z02790$aШироков$bГ.$gГеннадий$4520
-- 790#1$9z01700$aSolov`yev$bV. G.$gVladislav Georgievich$f1937-$4230
-- 790#1$9z02701$aShirokov$bG.$gGennadij$4520
Заглавие Большое путешествие
Автор Соловьев, Владислав Георгиевич (1937-)
464 #0 - АНАЛИТИЧЕСКИЙ УРОВЕНЬ
Встроенное поле 2001#$aВьюга$e"Кто-то лапкой скребётся в окошко..."$fсл. В. Шефнера
-- 215##$aС.16-17
-- 700#1$9z01790$aСоловьев$bВ. Г.$gВладислав Георгиевич$f1937-$4230
-- 701#1$9z02790$aШефнер$bВ.С.$gВадим Сергеевич$f1915-2002$3RU\NLR\AUTH\77822$4520
-- 790#1$9z01700$aSolov`yev$bV. G.$gVladislav Georgievich$f1937-$4230
-- 790#1$9z02701$aShefner$bV.S.$gVadim Sergeevich$f1915-2002$3RU\NLR\AUTH\77822$4520
Заглавие Вьюга
Автор Соловьев, Владислав Георгиевич (1937-)
464 #0 - АНАЛИТИЧЕСКИЙ УРОВЕНЬ
Встроенное поле 2001#$aКолыбельные куплеты$e"На болоте спит лягушка..."$fсл. Г. Горбовского
-- 215##$aС.12-13
-- 700#1$9z01790$aСоловьев$bВ. Г.$gВладислав Георгиевич$f1937-$4230
-- 701#1$9z02790$aГорбовский$bГ.Я.$gГлеб Яковлевич$f1931-$4520
-- 790#1$9z01700$aSolov`yev$bV. G.$gVladislav Georgievich$f1937-$4230
-- 790#1$9z02701$aGorbovskij$bG.Y.$gGleb Yakovlevich$f1931-$4520
Заглавие Колыбельные куплеты
Автор Соловьев, Владислав Георгиевич (1937-)
464 #0 - АНАЛИТИЧЕСКИЙ УРОВЕНЬ
Встроенное поле 2001#$aКуплеты путешественника$e"Был я в Африке недавно..."$fсл. Г. Горбовского
-- 215##$aС.14-15
-- 700#1$9z01790$aСоловьев$bВ. Г.$gВладислав Георгиевич$f1937-$4230
-- 701#1$9z02790$aГорбовский$bГ.Я.$gГлеб Яковлевич$f1931-$4520
-- 790#1$9z01700$aSolov`yev$bV. G.$gVladislav Georgievich$f1937-$4230
-- 790#1$9z02701$aGorbovskij$bG.Y.$gGleb Yakovlevich$f1931-$4520
Заглавие Куплеты путешественника
Автор Соловьев, Владислав Георгиевич (1937-)
464 #0 - АНАЛИТИЧЕСКИЙ УРОВЕНЬ
Встроенное поле 2001#$aНам без друзей нельзя$e"Если что-то непонятно..."$fсл. Г. Широкова
-- 215##$aС.29-31
-- 700#1$9z01790$aСоловьев$bВ. Г.$gВладислав Георгиевич$f1937-$4230
-- 701#1$9z02790$aШироков$bГ.$gГеннадий$4520
-- 790#1$9z01700$aSolov`yev$bV. G.$gVladislav Georgievich$f1937-$4230
-- 790#1$9z02701$aShirokov$bG.$gGennadij$4520
Заглавие Нам без друзей нельзя
Автор Соловьев, Владислав Георгиевич (1937-)
464 #0 - АНАЛИТИЧЕСКИЙ УРОВЕНЬ
Встроенное поле 2001#$aНе Баба-Яга$eшуточ. песенка Бабы-Яги$e"С утра надеваю я модное платье..."$fсл. Г. Широкова
-- 215##$aС.27-28
-- 700#1$9z01790$aСоловьев$bВ. Г.$gВладислав Георгиевич$f1937-$4230
-- 701#1$9z02790$aШироков$bГ.$gГеннадий$4520
-- 790#1$9z01700$aSolov`yev$bV. G.$gVladislav Georgievich$f1937-$4230
-- 790#1$9z02701$aShirokov$bG.$gGennadij$4520
Заглавие Не Баба-Яга
Автор Соловьев, Владислав Георгиевич (1937-)
464 #0 - АНАЛИТИЧЕСКИЙ УРОВЕНЬ
Встроенное поле 2001#$aПаук$e"По дорожке мы бежали..."$fсл. И. Резниковой
-- 215##$aС.10-11
-- 700#1$9z01790$aСоловьев$bВ. Г.$gВладислав Георгиевич$f1937-$4230
-- 701#1$9z02790$aРезникова$bИ.$gИнна$4520
-- 790#1$9z01700$aSolov`yev$bV. G.$gVladislav Georgievich$f1937-$4230
-- 790#1$9z02701$aReznikova$bI.$gInna$4520
Заглавие Паук
Автор Соловьев, Владислав Георгиевич (1937-)
464 #0 - АНАЛИТИЧЕСКИЙ УРОВЕНЬ
Встроенное поле 2001#$aУдод$e"Девочка Аня, гуляя у дома..."$fсл. Б. Ахмадулиной
-- 215##$aС.18-20
-- 700#1$9z01790$aСоловьев$bВ. Г.$gВладислав Георгиевич$f1937-$4230
-- 701#1$9z02790$aАхмадулина$bБ. А.$gБелла Ахатовна$f1937-2010$4520
-- 790#1$9z01700$aSolov`yev$bV. G.$gVladislav Georgievich$f1937-$4230
-- 790#1$9z02701$aAhmadulina$bB. A.$gBella Ahatovna$f1937-2010$4520
Заглавие Удод
Автор Соловьев, Владислав Георгиевич (1937-)
464 #0 - АНАЛИТИЧЕСКИЙ УРОВЕНЬ
Встроенное поле 2001#$aШкольная походная$e"Мы в школьные каникулы не любим долго спать..."$fсл. А. Мартынова
-- 215##$aС.6-9
-- 700#1$9z01790$aСоловьев$bВ. Г.$gВладислав Георгиевич$f1937-$4230
-- 701#1$9z02790$aМартынов$bА. В.$gАнатолий Васильевич$f1937-$4520
-- 790#1$9z01700$aSolov`yev$bV. G.$gVladislav Georgievich$f1937-$4230
-- 790#1$9z02701$aMartynov$bA. V.$gAnatoliy Vasilyevich$f1937-$4520
Заглавие Школьная походная
Автор Соловьев, Владислав Георгиевич (1937-)
464 #0 - АНАЛИТИЧЕСКИЙ УРОВЕНЬ
Встроенное поле 2001#$aЭто, друзья, только начало$e"Люди спорят с небосводом..."$fсл. М. Ерёмина
-- 215##$aС.3-5
-- 700#1$9z02790$aСоловьев$bВ. Г.$gВладислав Георгиевич$f1937-$4230
-- 701#0$9z03790$aЕремин$bМ. Ф.$gМихаил Федорович$f1937-$4520
-- 790#1$9z02700$aSolov`yev$bV. G.$gVladislav Georgievich$f1937-$4230
-- 790#1$9z03701$aEremin$bM. F.$gMihail Fedorovich$f1937-$4520
Заглавие Это, друзья, только начало
Автор Соловьев, Владислав Георгиевич (1937-)
464 #0 - АНАЛИТИЧЕСКИЙ УРОВЕНЬ
Встроенное поле 2001#$aЯ - художник$e"Я рисую солнышко..."$fсл. Г. Широкова
-- 215##$aС.24-26
-- 700#1$9z01790$aСоловьев$bВ. Г.$gВладислав Георгиевич$f1937-$4230
-- 701#1$9z02790$aШироков$bГ.$gГеннадий$4520
-- 790#1$9z01700$aSolov`yev$bV. G.$gVladislav Georgievich$f1937-$4230
-- 790#1$9z02701$aShirokov$bG.$gGennadij$4520
Заглавие Я - художник
Автор Соловьев, Владислав Георгиевич (1937-)
686 ## - ИНДЕКСЫ ДРУГИХ КЛАССИФИКАЦИЙ
Индекс Щ941.8я44(2Р=Р)
Издание LBC/SL
Код системы
686 ## - ИНДЕКСЫ ДРУГИХ КЛАССИФИКАЦИЙ
Индекс Щ984.0я44(2Р=Р)
Издание LBC/SL
Код системы
700 #1 - ИМЯ ЛИЦА - ПЕРВИЧНАЯ ОТВЕТСТВЕННОСТЬ
Системный номер авторитетной/нормативной записи z01790
Начальный элемент ввода Соловьев
Часть имени, кроме начального элемента ввода В. Г.
Даты 1937-
Расширение инициалов личного имени Владислав Георгиевич
Код отношения Композитор
Графика поля Кириллица
790 #1 - ИМЯ ЛИЦА - АЛЬТЕРНАТИВНАЯ ФОРМА
Системный номер авторитетной/нормативной записи z01700
Начальный элемент ввода Solov`yev
Часть имени, кроме начального элемента ввода V. G.
Даты 1937-
Расширение инициалов личного имени Vladislav Georgievich
Код отношения Композитор
801 #0 - ИСТОЧНИК ЗАПИСИ
Страна Российская Федерация
Организация NLR
Дата составления 20130531
Правила каталогизации PSBO
801 #1 - ИСТОЧНИК ЗАПИСИ
Страна Российская Федерация
Организация NLR
Дата составления 20130531
Источник данных rusmarc
801 #2 - ИСТОЧНИК ЗАПИСИ
Страна Российская Федерация
Организация NLR
Дата составления 20151109
852 ## - МЕСТОНАХОЖДЕНИЕ И ШИФР ХРАНЕНИЯ
Идентификатор организации NLR
Наименование фонда или коллекции (Sub-Location Identifier) М
Шифр хранения (Call Number) 986/131
Страна
Номер экземпляра 2
852 ## - МЕСТОНАХОЖДЕНИЕ И ШИФР ХРАНЕНИЯ
Идентификатор организации NLR
Наименование фонда или коллекции (Sub-Location Identifier) М
Шифр хранения (Call Number) 986/341
Страна
Номер экземпляра 1
942 ## - ДОПОЛНИТЕЛЬНЫЕ ЭЛЕМЕНТЫ ЗАПИСИ (АБИС)
Тип экземпляра АБИС Ноты
980 ## - КОЛЛЕКЦИЯ
Название коллекции Национальная библиография
980 ## - КОЛЛЕКЦИЯ
Название коллекции Отдел нот и звукозаписей
Экземпляры
Тип экземпляра Дата поступления Библиотека постоянного хранения Библиотека текущего хранения Место хранения Шифр хранения Статус экземпляра
Ноты 31.05.2013 РНБ (Московский) РНБ (Московский) Фонд нот и звукозаписей 986/131 986/131  
Ноты 31.05.2013 РНБ (Московский) РНБ (Московский) Фонд нот и звукозаписей 986/341 986/341